| 000 | 00433nam a2200157 4500 | ||
|---|---|---|---|
| 003 | SEACOMEC | ||
| 005 | 20250507131926.0 | ||
| 008 | 250507b |||||||| |||| 00| 0 eng d | ||
| 020 |
_a9788131713921 _c299.00 |
||
| 040 | _aSEACOMEC | ||
| 082 |
_a005.13 _bK15 |
||
| 100 | _aKamthane, Ashok N | ||
| 245 |
_aIntroduction to data structures in C / _cAshok N Kamthane |
||
| 260 |
_aNew Delhi : _b Pearson Education , _c2007 |
||
| 942 | _cBOOK | ||
| 999 |
_c2271 _d2271 |
||